000 00548nam a22001817a 4500
008 241025b |||||||| |||| 00| 0 eng d
020 _a9789914702309
050 _aKsk454
_b.G43
100 _aGhai, Yash Pal
245 _aKenya's constitution :
_bAn instrument for change / by
_cYash Pal Ghai & Jill Cottrell Ghai
250 _a 2nd ed.
260 _aNairobi, Kenya
_bKatiba institute
_c2021
300 _axi, 152p.
_bill.
650 _2Constitutional law
_zKenya
650 _aconstitution
700 _aGhai, Jill cottrell
942 _2lcc
_cBK
999 _c20534
_d20533